01602nam a2200385 a 4500001001200000003000800012006001900020007001500039008004100054010001700095020003500112020001500147020001800162020002700180040002100207035002100228050002500249082001300274111007500287245005400362260006500416300002500481490004900506500013000555504005300685533015200738650003500890650003500925655002900960710002100989710001701010830004601027856012601073999001701199ebr10575454CaPaEBRm u cr cn|||||||||780802s1975 ne ad sb 101 0 eng d z 77676760  z0444151818 (American Elsevier) z902194037X z9780470663257 z9780470717837 (e-book) aCaPaEBRcCaPaEBR a(OCoLC)64908775214aBF723.I6bS95 1974eb04a155.4/222 aSymposium on the Parent-Infant Relationshipd(1974 :cLondon, England)10aParent-infant interactionh[electronic resource]. aAmsterdam ;aNew York :bElsevier :bExcerpta Medica,c1975. aviii, 324 p. :bill.1 aCiba Foundation Symposium (new series) ;v33 a"Symposium on the Parent-Infant Relationship held at the Ciba Foundation, London, 5th-7th November, 1974"--Participants page. aIncludes bibliographical references and indexes. aElectronic reproduction.bPalo Alto, Calif. :cebrary,d2011.nAvailable via World Wide Web.nAccess may be limited to ebrary affiliated libraries. 0aInfant psychologyvCongresses. 0aParent and infantvCongresses. 7aElectronic books.2local2 aCiba Foundation.2 aebrary, Inc. 0aCiba Foundation symposium ;vnew ser. 33.40uhttp://site.ebrary.com/lib/rucke/Doc?id=10575454zAn electronic book accessible through the World Wide Web; click to view c78118d78118